000 00277nam a22001217a 4500
999 _c15750
_d15750
008 160809b xxu||||| |||| 00| 0 eng d
020 _a9782923975863
082 _aG 266pis
100 1 0 _aGaudet, Jonathan
245 1 3 _aLa piscine
300 _a239 p.
942 _2ddc
_cROM ADULTE